Comunicación institucional y política / (Record no. 193186)

MARC details
000 -LEADER
campo de control de longitud fija 03776nam a2200457 i 4500
001 - NÚMERO DE CONTROL
campo de control 193186
003 - IDENTIFICADOR DE NÚMERO DE CONTROL
campo de control SpMaBN
005 - FECHA Y HORA DE LA ÚLTIMA TRANSACCIÓN
campo de control 20250808223947.0
007 - CAMPO FIJO DE DESCRIPCIÓN FÍSICA--INFORMACIÓN GENERAL
campo de control de longitud fija ta
008 - DATOS DE LONGITUD FIJA--INFORMACIÓN GENERAL
campo de control de longitud fija 230930s2018a sp | |||| 000 0 spa
015 ## - NÚMERO DE BIBLIOGRAFÍA NACIONAL
Número de bibliografía nacional MON18
017 ## - NÚMERO DE COPYRIGHT O DE DEPÓSITO LEGAL
Número de copyright o de depósito legal M 36358-2018
Agencia que asigna Oficina Depósito Legal Madrid
020 ## - NÚMERO INTERNACIONAL ESTÁNDAR DEL LIBRO
Número Internacional Estándar del Libro 9788494379390
035 ## - NÚMERO DE CONTROL DEL SISTEMA
Número de control de sistema (OCoLC)1088422678
035 ## - NÚMERO DE CONTROL DEL SISTEMA
Número de control de sistema a6399859
040 ## - FUENTE DE CATALOGACIÓN
Centro catalogador/agencia de origen SpMaBN
Lengua de catalogación spa
Centro/agencia transcriptor SpMaBN
Normas de descripción rda
Centro/agencia modificador ES-MaACL
080 ## - NÚMERO DE LA CLASIFICACIÓN DECIMAL UNIVERSAL
Número de la Clasificación Decimal Universal 005.57
080 ## - NÚMERO DE LA CLASIFICACIÓN DECIMAL UNIVERSAL
Número de la Clasificación Decimal Universal 32:659.3
245 00 - MENCIÓN DEL TÍTULO
Título Comunicación institucional y política /
Mención de responsabilidad, etc. coordinador, José Luis Moreno Torres ; [autores], Luis Arroyo Martínez ... [et al.]
264 #1 - PRODUCCIÓN, PUBLICACIÓN, DISTRIBUCIÓN, FABRICACIÓN Y COPYRIGHT
Producción, publicación, distribución, fabricación y copyright Barcelona ;
-- Madrid :
Nombre del de productor, editor, distribuidor, fabricante Fundación Democracia y Gobierno Local,
Fecha de producción, publicación, distribución, fabricación o copyright [2018]
300 ## - DESCRIPCIÓN FÍSICA
Extensión 254 páginas :
Otras características físicas ilustraciones (blanco y negro) ;
Dimensiones 24 cm
336 ## - TIPO DE CONTENIDO
Término de tipo de contenido Texto
Fuente rdacontent
337 ## - TIPO DE MEDIO
Nombre/término del tipo de medio sin mediación
Fuente rdamedia
338 ## - TIPO DE SOPORTE
Nombre/término del tipo de soporte volumen
Fuente rdacarrier
490 1# - MENCIÓN DE SERIE
Mención de serie Claves del gobierno local ;
Designación de volumen o secuencia 25
500 ## - NOTA GENERAL
Nota general Índice
504 ## - NOTA DE BIBLIOGRAFÍA, ETC.
Nota de bibliografía, etc. Referencias bibliográficas
520 ## - RESUMEN, ETC.
Sumario, etc. Vivimos un momento en el que la inmediatez es un rasgo característico de la comunicación. Todo se conoce en el instante en el que se produce y todo aquello que no se comunica parece no existir.<br/><br/>Por todo ello, más que nunca, la comunicación institucional y política se convierte en una prioridad si queremos reconvertir la relación entre sociedad y Administración; ciudadanos y políticos.<br/><br/>De ahí la importancia de gestionar correctamente la comunicación desde las instituciones públicas: ¿conocer a quién nos dirigimos?; ¿qué queremos comunicar?; ¿cómo comunicarlo?; y ¿cuándo decir lo que queremos decir?<br/><br/>Este trabajo que ahora tienen en sus manos, Comunicación institucional y política, podríamos decir que no es un manual de comunicación, pero sí un texto de cabecera para todos aquellos interesados o responsables en instituciones públicas, en organizaciones de cualquier índole, o que se dediquen al servicio público desde el ámbito político, ya sea a nivel local, en los Gobiernos intermedios (diputaciones, cabildos o consells), regionales o estatales, y que deseen conocer, saber, dejarse aconsejar por los más prestigiosos autores, profesionales y estudiosos de la comunicación a nivel institucional y político en España.<br/><br/>En él se repasan y estudian todos aquellos temas que afectan al ámbito de la comunicación institucional, como son: el relato, la construcción del mensaje, el plan estratégico de comunicación, la comunicación institucional como tal, el lenguaje, la red como el empicentro de la estrategia de comunicación, la relación entre las instituciones y los medios de comunicación, el liderazgo emocional, la acción política, la transparencia efectiva como valor público o las peculiaridades de la comunicación en el ámbito local.<br/><br/>No tengo duda de que disfrutarán, aprenderán y reflexionarán con la lectura de este trabajo, que no pretende más que servir de apoyo y ayuda a todo aquel que muestre interés por algo tan importante y esencial como es el comunicar bien.
650 #4 - PUNTO DE ACCESO ADICIONAL DE MATERIA--TÉRMINO DE MATERIA
Término de materia o nombre geográfico como elemento de entrada Comunicación en las organizaciones
Fuente del encabezamiento o término embne
9 (RLIN) 11194
650 #4 - PUNTO DE ACCESO ADICIONAL DE MATERIA--TÉRMINO DE MATERIA
Término de materia o nombre geográfico como elemento de entrada Comunicación en política
Fuente del encabezamiento o término embne
9 (RLIN) 234280
700 ## - ENTRADA AGREGADA--NOMBRE PERSONAL
Nombre de persona Moreno, José Luis,
Fechas asociadas al nombre 1968-
Término indicativo de función/relación Editor literario
-- Autor
9 (RLIN) 234281
700 1# - ENTRADA AGREGADA--NOMBRE PERSONAL
Nombre de persona Arroyo, Luis,
Fechas asociadas al nombre 1969-
Término indicativo de función/relación Autor
9 (RLIN) 234072
830 ## - PUNTO DE ACCESO ADICIONAL DE SERIE-TÍTULO UNIFORME
Título uniforme Claves del gobierno local ;
9 (RLIN) 234282
Designación de volumen o secuencia 25
852 ## - LOCALIZACIÓN
Ubicación ES-MaACL
itemnumber 200562
Sublocalización o colección R.154592
Número de control de estantería N-9352
Ubicación en estantería Depósito J
Donativo/Legado Donación: Luis Arroyo
Encuadernación Encuadernación rústica con solapas
903 ## - NOMBRE PERSONAL DE DONANTE
a Arroyo, Luis,
d 1969-
e Donante
9 234072
942 ## - ELEMENTOS DE ENTRADA SECUNDARIOS (KOHA)
Suprimir en OPAC No
Tipo de ítem Koha Libro impreso
Holdings
Estatus retirado Estado de pérdida Fuente del sistema de clasificación o colocación Estado de daño No para préstamo Biblioteca de origen Biblioteca actual Ubicación en estantería Fecha de adquisición Fuente de adquisición Número de control de estantería Total de préstamos Signatura topográfica completa Código de barras Visto por última vez Precio de reemplazo Tipo de ítem Koha
    Clasificación decimal universal     Biblioteca del Ateneo de Madrid Biblioteca del Ateneo de Madrid Depósito J 30/09/2023 Donación Ateneísta   N-9352 101205857 30/09/2023 30/09/2023 Libro impreso